Antología de Andrés Bello
Uloženo v:
| Hlavní autor: | |
|---|---|
| Médium: | Kniha |
| Jazyk: | španělština |
| Vydáno: |
Santiago.
Zig-Zag.
1965.
|
| Témata: | |
| Tagy: |
Přidat tag
Žádné tagy, Buďte první, kdo vytvoří štítek k tomuto záznamu!
|
MARC
| LEADER | 00000nam a22000005a 4500 | ||
|---|---|---|---|
| 001 | 19342 | ||
| 003 | CL-ChBUA | ||
| 005 | 20120815103721.0 | ||
| 008 | 070301s1965 cl 000 0 spa | ||
| 040 | |a CL-ChBUA |c CL-ChBUA | ||
| 082 | 0 | 0 | |a 923 |
| 090 | |c 19342 |d 19342 | ||
| 100 | 1 | |a Silva Castro, Raúl. | |
| 245 | 1 | 0 | |a Antología de Andrés Bello |
| 260 | |b Zig-Zag. |a Santiago. |c 1965. | ||
| 300 | |a 296 p. |c 20 cm. | ||
| 504 | |a Indice. | ||
| 650 | 4 | |a BELLO, ANDRES, 1781-1865. | |
| 650 | 4 | |a EDUCADORES - VENEZUELA - BIOGRAFIA. | |
| 942 | |c LIB | ||
| 952 | |0 0 |1 0 |4 0 |7 0 |9 26527 |a UNACH |b UNACH |c 900 |d 2007-03-05 |i 38.332. |l 0 |o 923 / Si 586a. |p 27526 |r 2026-03-27 10:07:40 |u 26527 |w 2012-08-08 |y LIB |k 923 / Si 586a. | ||
| 999 | |c 19342 |d 19342 | ||